[Event "Scarborough CC Jack Frost U1700"]
[Site "Toronto CAN"]
[Date "2011.01.20"]
[Round "3"]
[White "Souchko, Larissa"]
[Black "Kaneshalingam, Mathanhe"]
[Result "0-1"]
[WhiteElo "1215"]
[BlackElo "828"]
[PlyCount "58"]
[GameId "2160767909829586"]
[EventDate "2011.01.06"]
[EventType "swiss"]
[EventRounds "7"]
[EventCountry "CAN"]

1. e4 c5 2. Nf3 Nc6 3. g3 d6 4. Bg2 e5 5. O-O Be7 6. d3 Nf6 7. Nc3 O-O 8. Be3 Be6 9. a3 Re8 10. Qd2 Ng4 11. Ng5 Nxe3 12. Nxe6 Nxf1 13. Rxf1 fxe6 14. Ne2 Bg5 15. f4 exf4 16. gxf4 Bh4 17. c3 Rf8 18. Bh3 e5 19. Be6+ Kh8 20. Qe3 Qb6 21. Qf3 Bg5 22. f5 c4+ 23. Kh1 cxd3 24. Qxd3 Rad8 25. Qf3 Qe3 26. Qh5 Qxe4+ 27. Rf3 Qxe2 28. Bd5 e4 29. Rg3 Qxh5 0-1

[Event "Scarborough CC Jack Frost U1700"]
[Site "Toronto CAN"]
[Date "2011.01.20"]
[Round "3"]
[White "Super, Russell"]
[Black "Gillis, Doug"]
[Result "1/2-1/2"]
[WhiteElo "1463"]
[BlackElo "1594"]
[PlyCount "89"]
[GameId "2160767909829587"]
[EventDate "2011.01.06"]
[EventType "swiss"]
[EventRounds "7"]
[EventCountry "CAN"]

1. e4 e6 2. d4 d5 3. Nc3 dxe4 4. Nxe4 Qd5 5. Nc3 Bb4 6. Nge2 Nc6 7. Be3 Qd7 8. g3 Nf6 9. Bg2 Nd5 10. O-O Nxe3 11. fxe3 O-O 12. Qe1 Ne7 13. Qf2 Nd5 14. Nxd5 exd5 15. c3 Be7 16. Nf4 Qd6 17. Nxd5 c6 18. Nxe7+ Qxe7 19. e4 f5 20. exf5 Bxf5 21. Qd2 Rae8 22. Rae1 Qd7 23. Rxe8 Rxe8 24. Re1 Be6 25. b3 c5 26. d5 b5 27. Re2 Bf5 28. Rxe8+ Qxe8 29. Qf2 a6 30. c4 bxc4 31. bxc4 Qe5 32. h3 Qa1+ 33. Kh2 Qd4 34. Qf4 Qxf4 35. gxf4 Kf7 36. Bf1 Bb1 37. a3 Bc2 38. Kg3 Ba4 39. Kf3 Kf6 40. Ke3 g5 41. fxg5+ Kxg5 42. Ke4 Kf6 43. Kf4 Bd7 44. Be2 Ba4 45. Bf1 1/2-1/2

[Event "Scarborough CC Jack Frost U1700"]
[Site "Toronto CAN"]
[Date "2011.01.20"]
[Round "3"]
[White "Vyravanathan, Sobiga"]
[Black "Patel, Shivkumar"]
[Result "1-0"]
[WhiteElo "1254"]
[BlackElo "918"]
[PlyCount "71"]
[GameId "2160767909829588"]
[EventDate "2011.01.06"]
[EventType "swiss"]
[EventRounds "7"]
[EventCountry "CAN"]

1. e4 e5 2. Nf3 Nc6 3. Bb5 Nf6 4. O-O Nxe4 5. d4 exd4 6. Re1 Qe7 7. Nxd4 Kd8 8. Nxc6+ bxc6 9. Bxc6 d6 10. Bxa8 Bf5 11. Bxe4 Bxe4 12. Nc3 Qh4 13. Rxe4 Qf6 14. Rf4 Qg6 15. Rg4 Qh5 16. Rd4 Qxd1+ 17. Rxd1 c5 18. Nb5 a6 19. Nxd6 Bxd6 20. Rxd6+ Kc7 21. Bf4 Rd8 22. Rxd8+ Kxd8 23. Re1 f6 24. Re6 g5 25. Bg3 f5 26. f4 gxf4 27. Bxf4 Kd7 28. Rxa6 h5 29. a4 Kc8 30. Ra7 c4 31. Kf2 Kd8 32. Ke3 Ke8 33. Kd4 Kf8 34. Ke5 Ke8 35. Kd6 Kd8 36. Ra8# 1-0

[Event "Scarborough CC Jack Frost U1700"]
[Site "Toronto CAN"]
[Date "2011.01.20"]
[Round "3"]
[White "Yie, Kevin"]
[Black "Smith, Maurice"]
[Result "1/2-1/2"]
[WhiteElo "1303"]
[BlackElo "1561"]
[PlyCount "58"]
[GameId "2160767909829589"]
[EventDate "2011.01.06"]
[EventType "swiss"]
[EventRounds "7"]
[EventCountry "CAN"]

1. d4 Nf6 2. c4 c5 3. d5 b5 4. cxb5 a6 5. bxa6 Bxa6 6. Nc3 d6 7. Nf3 g6 8. Bg5 Bg7 9. g3 O-O 10. Bg2 Nbd7 11. O-O h6 12. Bf4 Qa5 13. Re1 Rfb8 14. Qc2 Nb6 15. e4 Nc4 16. Bc1 Nd7 17. Nd2 Nxb2 18. Bxb2 Rxb2 19. Qxb2 Bxc3 20. Qc2 Bxa1 21. Rxa1 Ne5 22. f4 Nd3 23. Nb3 Qb4 24. Bf1 Ne1 25. Qd1 Bxf1 26. Kxf1 Qxe4 27. Qxe1 Qf3+ 28. Kg1 c4 29. Nd2 Qxd5 1/2-1/2

[Event "Scarborough CC Jack Frost U1700"]
[Site "Toronto CAN"]
[Date "2011.01.27"]
[Round "4"]
[White "Azizi, Hamid"]
[Black "Lin, Benjamin"]
[Result "1-0"]
[WhiteElo "1432"]
[BlackElo "1060"]
[PlyCount "103"]
[GameId "2160767909829590"]
[EventDate "2011.01.06"]
[EventType "swiss"]
[EventRounds "7"]
[EventCountry "CAN"]

1. e4 e5 2. Nf3 Nc6 3. Bc4 Bc5 4. O-O Nf6 5. Nc3 O-O 6. a3 d6 7. d3 Bg4 8. Re1 Bxf3 9. Qxf3 Nd4 10. Qd1 Qd7 11. b4 Bb6 12. Kh1 Ng4 13. Rf1 Kh8 14. Nd5 c6 15. Nxb6 axb6 16. f4 Nf6 17. c3 Ne6 18. f5 Nc7 19. Bg5 d5 20. Bxf6 dxc4 21. Bxe5 cxd3 22. Bxc7 Qxc7 23. Qxd3 Rad8 24. Qg3 Qxg3 25. hxg3 Rd3 26. Rf3 Rfd8 27. Re1 Rxf3 28. gxf3 Rd3 29. Kg2 Rxc3 30. Rd1 h6 31. Rd7 Rxa3 32. Rxf7 Ra2+ 33. Kh3 Rb2 34. e5 Rxb4 35. e6 Kg8 36. Rxb7 Rb3 37. Rb8+ Kh7 38. e7 Re3 39. e8=Q Rxe8 40. Rxe8 c5 41. Rb8 c4 42. Rxb6 c3 43. Rc6 c2 44. Rxc2 Kg8 45. Kg4 Kf7 46. Kh5 Kf6 47. g4 Kf7 48. Rc6 Ke7 49. Kg6 Kf8 50. Re6 h5 51. gxh5 Kg8 52. Re8# 1-0

[Event "Scarborough CC Jack Frost U1700"]
[Site "Toronto CAN"]
[Date "2011.01.27"]
[Round "4"]
[White "Gillis, Doug"]
[Black "Veecock, Carl"]
[Result "1-0"]
[WhiteElo "1594"]
[BlackElo "1356"]
[PlyCount "85"]
[GameId "2160767909829591"]
[EventDate "2011.01.06"]
[EventType "swiss"]
[EventRounds "7"]
[EventCountry "CAN"]

1. d4 Nf6 2. Nc3 e6 3. e4 Bb4 4. Bd3 O-O 5. Nf3 Bxc3+ 6. bxc3 d6 7. Bg5 h6 8. Bh4 g5 9. Bg3 Nbd7 10. Qd2 Nh7 11. h4 g4 12. Nh2 f5 13. exf5 exf5 14. Qxh6 Qe7+ 15. Kf1 Qf6 16. Bc4+ Kh8 17. Qxf6+ Rxf6 18. Re1 Nb6 19. Re8+ Rf8 20. Rxf8+ Nxf8 21. Bd3 Be6 22. a3 Nc4 23. Bf4 Nxa3 24. f3 Ng6 25. Bc1 Nc4 26. Kf2 d5 27. fxg4 Nd6 28. gxf5 Bxf5 29. Bxf5 Nxf5 30. Nf3 Rf8 31. h5 Nge7 32. Ba3 Nd6 33. Re1 Ne4+ 34. Kg1 Rf7 35. Ne5 Rf2 36. Rxe4 Rxc2 37. Nf7+ Kg8 38. Rxe7 Rxc3 39. Nh6+ Kh8 40. Bb4 Rc1+ 41. Kh2 Rc4 42. Bd2 b5 43. Bf4 1-0

[Event "Scarborough CC Jack Frost U1700"]
[Site "Toronto CAN"]
[Date "2011.01.27"]
[Round "4"]
[White "Guo, Tan"]
[Black "Yie, Kevin"]
[Result "1-0"]
[WhiteElo "1477"]
[BlackElo "1303"]
[PlyCount "87"]
[GameId "2160767909829592"]
[EventDate "2011.01.06"]
[EventType "swiss"]
[EventRounds "7"]
[EventCountry "CAN"]

1. e4 e5 2. Nf3 Nc6 3. d4 exd4 4. Nxd4 Bc5 5. Nxc6 Qf6 6. Qd2 dxc6 7. Nc3 Ne7 8. Qf4 Bb4 9. Qxf6 gxf6 10. Bd2 f5 11. O-O-O Rg8 12. f3 Bxc3 13. Bxc3 fxe4 14. fxe4 Bg4 15. Rd2 Rd8 16. Rxd8+ Kxd8 17. h3 Be6 18. g4 Ke8 19. Be2 Ng6 20. Rd1 Nf4 21. Bf1 h5 22. Bd2 Nxh3 23. Bxh3 Bxg4 24. Bxg4 hxg4 25. Rg1 Kd7 26. Bf4 Re8 27. Rd1+ Kc8 28. e5 Kb8 29. Rd3 Rg8 30. Kd2 c5 31. Ke2 Rg6 32. Kf2 c4 33. Rd4 b5 34. Kg3 c5 35. Rd6 Rxd6 36. exd6 f5 37. Be3 Kb7 38. Bxc5 a5 39. Kf4 Kc6 40. Kxf5 g3 41. Ke6 Kxc5 42. d7 g2 43. d8=Q g1=Q 44. Qd6# 1-0

[Event "Scarborough CC Jack Frost U1700"]
[Site "Toronto CAN"]
[Date "2011.01.27"]
[Round "4"]
[White "Kaneshalingam, Mathanhe"]
[Black "Graham, John"]
[Result "0-1"]
[WhiteElo "828"]
[BlackElo "1441"]
[PlyCount "38"]
[GameId "2160767909829593"]
[EventDate "2011.01.06"]
[EventType "swiss"]
[EventRounds "7"]
[EventCountry "CAN"]

1. e4 Nc6 2. Nf3 e5 3. Nc3 d6 4. Bc4 Be7 5. O-O Bg4 6. h3 Bh5 7. d3 Qd7 8. Re1 Nd4 9. Be3 Bxf3 10. gxf3 Qxh3 11. Bxd4 exd4 12. Nd5 O-O-O 13. c3 Bf6 14. Bb3 Nh6 15. cxd4 c6 16. Nxf6 gxf6 17. Bxf7 Nxf7 18. f4 Rdg8+ 19. Qg4+ Rxg4# 0-1

[Event "Scarborough CC Jack Frost U1700"]
[Site "Toronto CAN"]
[Date "2011.01.27"]
[Round "4"]
[White "Law, James"]
[Black "Patel, Saiyam"]
[Result "1-0"]
[WhiteElo "1514"]
[BlackElo "968"]
[PlyCount "47"]
[GameId "2160767909829594"]
[EventDate "2011.01.06"]
[EventType "swiss"]
[EventRounds "7"]
[EventCountry "CAN"]

1. c4 e6 2. Nf3 c6 3. d3 Qa5+ 4. Bd2 Qb6 5. Bc3 Bc5 6. e3 Qc7 7. Bxg7 Ne7 8. Bxh8 Bb4+ 9. Nbd2 Qa5 10. g3 d5 11. a3 Bc5 12. Bc3 Qc7 13. b4 Bd6 14. c5 Be5 15. Nxe5 f6 16. Qh5+ Ng6 17. Nxg6 hxg6 18. Qxg6+ Qf7 19. Qxf7+ Kxf7 20. Bg2 e5 21. O-O Na6 22. f4 Bf5 23. e4 dxe4 24. Nxe4 1-0

[Event "Scarborough CC Jack Frost U1700"]
[Site "Toronto CAN"]
[Date "2011.01.27"]
[Round "4"]
[White "Liang, Phillip"]
[Black "Dattani, Dinesh"]
[Result "1-0"]
[WhiteElo "1190"]
[BlackElo "1457"]
[PlyCount "49"]
[GameId "2160767909829595"]
[EventDate "2011.01.06"]
[EventType "swiss"]
[EventRounds "7"]
[EventCountry "CAN"]

1. d4 d5 2. c4 c6 3. Nc3 Nf6 4. Nf3 Nbd7 5. cxd5 cxd5 6. Bf4 e6 7. e3 Bb4 8. Rc1 Ne4 9. Bd3 O-O 10. O-O Ndf6 11. Nb5 Ne8 12. a3 Be7 13. Bb1 N4f6 14. Nc7 Nxc7 15. Bxc7 Qe8 16. Bg3 Bd7 17. Re1 Rc8 18. Qb3 Ne4 19. Qxb7 Nxg3 20. hxg3 Rb8 21. Qxa7 Bd6 22. Qa5 Rxb2 23. Qc3 Qb8 24. Qd3 Bb5 25. Qxh7# 1-0

[Event "Scarborough CC Jack Frost U1700"]
[Site "Toronto CAN"]
[Date "2011.01.27"]
[Round "4"]
[White "Patel, Shivkumar"]
[Black "Palakkal, Anirudh"]
[Result "0-1"]
[WhiteElo "918"]
[BlackElo "754"]
[PlyCount "38"]
[GameId "2160767909829596"]
[EventDate "2011.01.06"]
[EventType "swiss"]
[EventRounds "7"]
[EventCountry "CAN"]

1. d4 d5 2. Nf3 Nf6 3. Nc3 Nc6 4. Bg5 e6 5. Bxf6 Qxf6 6. Nb5 Qd8 7. Ne5 Nxe5 8. dxe5 Bd7 9. Nc3 Bb4 10. e3 Bxc3+ 11. bxc3 O-O 12. Bd3 Qe7 13. Qh5 g6 14. Qd1 Qc5 15. Qd2 Qa5 16. Rb1 b6 17. Rb4 Qxa2 18. Rh4 Qa1+ 19. Ke2 Qxh1 0-1

[Event "Scarborough CC Jack Frost U1700"]
[Site "Toronto CAN"]
[Date "2011.01.27"]
[Round "4"]
[White "Roy, Harrison"]
[Black "Super, Russell"]
[Result "0-1"]
[WhiteElo "965"]
[BlackElo "1463"]
[PlyCount "46"]
[GameId "2160767909829597"]
[EventDate "2011.01.06"]
[EventType "swiss"]
[EventRounds "7"]
[EventCountry "CAN"]

1. e4 c5 2. Nf3 Nc6 3. d4 Nxd4 4. Nxd4 cxd4 5. Qxd4 d6 6. Nc3 a6 7. Be2 e6 8. O-O Qc7 9. h3 Nf6 10. Bh6 e5 11. Qc4 Qxc4 12. Bxc4 gxh6 13. Na4 b5 14. Bd5 Nxd5 15. exd5 bxa4 16. Rad1 Rg8 17. g4 h5 18. f3 Bh6 19. Rd3 Bd7 20. Rc3 Rc8 21. Rxc8+ Bxc8 22. Rd1 Bd7 23. Rd3 f5 0-1

[Event "Scarborough CC Jack Frost U1700"]
[Site "Toronto CAN"]
[Date "2011.01.27"]
[Round "4"]
[White "Roy, Lawrence"]
[Black "Pishdad, Hassan"]
[Result "1-0"]
[WhiteElo "967"]
[BlackElo "1189"]
[PlyCount "103"]
[GameId "2160767909829598"]
[EventDate "2011.01.06"]
[EventType "swiss"]
[EventRounds "7"]
[EventCountry "CAN"]

1. e4 c5 2. Nf3 Nf6 3. Nc3 d5 4. exd5 Nxd5 5. Nxd5 Qxd5 6. Be2 e6 7. O-O Be7 8. Bb5+ Bd7 9. Bxd7+ Nxd7 10. d4 Nb6 11. dxc5 Bxc5 12. Qxd5 Nxd5 13. b3 O-O 14. Re1 Nb4 15. Ba3 Bxf2+ 16. Kxf2 Nxc2 17. Bxf8 Rxf8 18. Rad1 Nxe1 19. Rxe1 Rc8 20. a4 Kf8 21. h3 h6 22. g4 g5 23. Rg1 f6 24. h4 Rc2+ 25. Ke1 Rc3 26. Kf2 Rxb3 27. hxg5 hxg5 28. Kg3 Ra3 29. Re1 Kf7 30. Rh1 Kg7 31. Re1 e5 32. Rc1 e4 33. Rc7+ Kg6 34. Rxb7 exf3 35. Rxa7 Kh6 36. Kf2 Kg6 37. a5 Kh6 38. a6 Kg6 39. Ra8 Kf7 40. a7 Ke7 41. Rh8 Ra2+ 42. Kxf3 Ra3+ 43. Ke2 Ra2+ 44. Kd3 Ra3+ 45. Kc4 Ra4+ 46. Kb5 Rxa7 47. Rh7+ Ke6 48. Rxa7 Ke5 49. Re7+ Kd6 50. Re1 Kd5 51. Kb4 Kd6 52. Kc4 1-0

[Event "Scarborough CC Jack Frost U1700"]
[Site "Toronto CAN"]
[Date "2011.01.27"]
[Round "4"]
[White "Smith, Maurice"]
[Black "Cui, Gordon"]
[Result "1/2-1/2"]
[WhiteElo "1561"]
[BlackElo "1355"]
[PlyCount "88"]
[GameId "2160767909829599"]
[EventDate "2011.01.06"]
[EventType "swiss"]
[EventRounds "7"]
[EventCountry "CAN"]

1. d4 d5 2. c4 dxc4 3. Nc3 Nf6 4. Nf3 Bf5 5. Bg5 h6 6. Bxf6 exf6 7. e4 Bh7 8. Bxc4 c5 9. d5 Nd7 10. O-O Bd6 11. Nb5 Ne5 12. Nxd6+ Qxd6 13. Qa4+ Nd7 14. Bb5 a6 15. Bxd7+ Qxd7 16. Qxd7+ Kxd7 17. Nd2 Rhe8 18. f3 f5 19. Rfe1 fxe4 20. fxe4 Re7 21. Rac1 b6 22. Nc4 Rb8 23. e5 b5 24. Na5 Rc8 25. Nc6 Rxc6 26. dxc6+ Kxc6 27. Rcd1 Re6 28. Rf1 Bg6 29. Rfe1 c4 30. Kf2 Bd3 31. Re3 Kd5 32. Rde1 a5 33. Rg3 g6 34. Rf3 Re7 35. Rf6 Rxe5 36. Rxe5+ Kxe5 37. Rxf7 Kd4 38. Rc7 b4 39. Ke1 c3 40. bxc3+ bxc3 41. Rd7+ Kc4 42. Rc7+ Kb4 43. Rb7+ Kc4 44. Rc7+ Kb4 1/2-1/2

[Event "Scarborough CC Jack Frost U1700"]
[Site "Toronto CAN"]
[Date "2011.01.27"]
[Round "4"]
[White "Song, Eric"]
[Black "Aghamalian, Derick"]
[Result "1-0"]
[WhiteElo "1417"]
[BlackElo "1449"]
[PlyCount "89"]
[GameId "2160767909829600"]
[EventDate "2011.01.06"]
[EventType "swiss"]
[EventRounds "7"]
[EventCountry "CAN"]

1. e4 e6 2. d4 d5 3. e5 c5 4. Nf3 Nc6 5. Be2 Qb6 6. c3 Nge7 7. O-O cxd4 8. Nxd4 Nxe5 9. Qc2 N7c6 10. Be3 Nxd4 11. Bxd4 Qc7 12. Nd2 Nc6 13. Be3 Bd6 14. Nf3 Bd7 15. Bd3 Ne5 16. Nxe5 Bxe5 17. f4 Bd6 18. Rae1 Bc5 19. Kh1 Bxe3 20. Rxe3 Kd8 21. Qe2 g6 22. Qf2 Kc8 23. c4 dxc4 24. Bxc4 Kb8 25. Rc3 Qd8 26. Qe3 Qf6 27. Qd3 Qe7 28. Qd4 f6 29. Rd1 Bc8 30. Bb3 Re8 31. Ba4 Rf8 32. Qc4 e5 33. Rd7 Qxd7 34. Bxd7 a6 35. Bxc8 Rxc8 36. Qxc8+ Ka7 37. Qc5+ Kb8 38. fxe5 fxe5 39. Qxe5+ Ka7 40. Rc7 Rb8 41. Qc5+ Ka8 42. Qb6 g5 43. Rxh7 g4 44. Rc7 g3 45. hxg3 1-0

[Event "Scarborough CC Jack Frost U1700"]
[Site "Toronto CAN"]
[Date "2011.01.27"]
[Round "4"]
[White "Teram, Eli"]
[Black "Karpik, Steve"]
[Result "1/2-1/2"]
[WhiteElo "1291"]
[BlackElo "1595"]
[PlyCount "53"]
[GameId "2160767909829601"]
[EventDate "2011.01.06"]
[EventType "swiss"]
[EventRounds "7"]
[EventCountry "CAN"]

1. e4 d6 2. Nf3 Nf6 3. Nc3 g6 4. Bc4 Bg7 5. d3 O-O 6. O-O Nc6 7. Re1 Na5 8. e5 dxe5 9. Nxe5 Nxc4 10. Nxc4 Bg4 11. Qd2 a6 12. Qf4 Be6 13. Ne5 Nh5 14. Qf3 c6 15. Qe3 Nf6 16. Ne2 Nd5 17. Qg3 Qb8 18. Nd4 Qd6 19. c4 Nb4 20. Re4 Bxe5 21. Qxe5 Qxe5 22. Rxe5 Nxd3 23. Nxe6 Nxe5 24. Nxf8 Kxf8 25. b3 Rd8 26. Bh6+ Ke8 27. Bg5 1/2-1/2

[Event "Scarborough CC Jack Frost U1700"]
[Site "Toronto CAN"]
[Date "2011.01.27"]
[Round "4"]
[White "Xiao, Jerry"]
[Black "Gandhi, Vishwa"]
[Result "0-1"]
[WhiteElo "846"]
[BlackElo "1070"]
[PlyCount "78"]
[GameId "2160767909829602"]
[EventDate "2011.01.06"]
[EventType "swiss"]
[EventRounds "7"]
[EventCountry "CAN"]

1. e4 c5 2. c3 g6 3. d4 cxd4 4. cxd4 Bg7 5. e5 e6 6. Nf3 Nc6 7. Bg5 f6 8. exf6 Bxf6 9. Bxf6 Nxf6 10. Ne5 Ne7 11. Qf3 Rf8 12. Nc3 Nfd5 13. Qe4 Rf4 14. Qd3 Nb4 15. Qd2 Rxd4 16. Qxd4 Nc2+ 17. Kd2 Nxd4 18. Re1 b6 19. Re4 Ndf5 20. g4 Nd6 21. Rf4 Qc7 22. h4 Nc4+ 23. Nxc4 Qxf4+ 24. Ne3 Qd4+ 25. Bd3 Ba6 26. Rd1 Qxd3+ 27. Ke1 Qxd1+ 28. Nexd1 Rc8 29. Ne4 Rc6 30. Nf6+ Kf7 31. Nxh7 Rc2 32. h5 Re2+ 33. Kf1 Rd2+ 34. Ke1 Rc2 35. h6 Kg8 36. Nf6+ Kf7 37. g5 Nc6 38. h7 Nd4 39. h8=Q Nf3# 0-1

[Event "Scarborough CC Jack Frost U1700"]
[Site "Toronto CAN"]
[Date "2011.02.03"]
[Round "5"]
[White "Aghamalian, Leonid"]
[Black "Song, Eric"]
[Result "1-0"]
[WhiteElo "1442"]
[BlackElo "1417"]
[PlyCount "89"]
[GameId "2160767909829604"]
[EventDate "2011.01.06"]
[EventType "swiss"]
[EventRounds "7"]
[EventCountry "CAN"]

1. d4 d5 2. c4 Nf6 3. Nc3 e6 4. Bg5 Bb4 5. a3 Bxc3+ 6. bxc3 h6 7. Bxf6 Qxf6 8. cxd5 exd5 9. Qb3 c6 10. Nf3 Nd7 11. e3 O-O 12. Be2 Re8 13. O-O Nb6 14. Ne5 Rb8 15. c4 Be6 16. c5 Nd7 17. Nxd7 Bxd7 18. Qc2 Bf5 19. Bd3 Bd7 20. Rab1 Qg5 21. Kh1 h5 22. Qa4 a6 23. Qc2 g6 24. Rb6 h4 25. h3 Qd8 26. Qb1 Qc8 27. Kh2 Qc7+ 28. Kg1 Kg7 29. Re1 Rh8 30. Re2 Qc8 31. Kh2 Qc7+ 32. f4 g5 33. Bf5 gxf4 34. Kh1 Rhe8 35. Bxd7 Qxd7 36. e4 Qe6 37. e5 Qg6 38. Qxg6+ fxg6 39. Reb2 Re7 40. Rxa6 g5 41. Rxc6 Ra8 42. Rcb6 Rb8 43. a4 Rf7 44. a5 f3 45. gxf3 1-0

[Event "Scarborough CC Jack Frost U1700"]
[Site "Toronto CAN"]
[Date "2011.02.03"]
[Round "5"]
[White "Cui, Gordon"]
[Black "Azizi, Hamid"]
[Result "0-1"]
[WhiteElo "1355"]
[BlackElo "1432"]
[PlyCount "98"]
[GameId "2160767909829605"]
[EventDate "2011.01.06"]
[EventType "swiss"]
[EventRounds "7"]
[EventCountry "CAN"]

1. e4 c5 2. Nf3 Nc6 3. d4 cxd4 4. Nxd4 e5 5. Nf3 Bc5 6. Qd5 d6 7. Ng5 Qf6 8. Nf3 Be6 9. Bg5 Qg6 10. Qd3 f6 11. Be3 O-O-O 12. Nc3 Bb4 13. Nh4 Qf7 14. a3 Bc5 15. O-O-O Nge7 16. Na4 Nd4 17. Nxc5 dxc5 18. Qc3 b6 19. Ba6+ Kb8 20. Bxd4 cxd4 21. Qb4 Rd7 22. a4 Nc6 23. Qb5 Na5 24. b3 Rc7 25. b4 Bc4 26. bxa5 Bxb5 27. axb6 Rc3 28. bxa7+ Kxa7 29. Bxb5 Rhc8 30. Bd3 Qh5 31. Nf3 Qh6+ 32. Rd2 Rxd3 33. Kd1 Rdc3 34. Ne1 Qg6 35. f3 Re3 36. Nd3 Qf7 37. Nc1 Qc4 38. Ne2 Qxa4 39. Rg1 d3 40. Ke1 Qa1+ 41. Kf2 Rxe2+ 42. Rxe2 Qd4+ 43. Re3 Rxc2+ 44. Kg3 Qxe3 45. Ra1+ Kb7 46. Rb1+ Kc7 47. h3 Qf2+ 48. Kg4 Qxg2+ 49. Kh4 Qg5# 0-1

[Event "Scarborough CC Jack Frost U1700"]
[Site "Toronto CAN"]
[Date "2011.02.03"]
[Round "5"]
[White "Dattani, Dinesh"]
[Black "Kaneshalingam, Mathanhe"]
[Result "1-0"]
[WhiteElo "1457"]
[BlackElo "900"]
[PlyCount "87"]
[GameId "2160767909829606"]
[EventDate "2011.01.06"]
[EventType "swiss"]
[EventRounds "7"]
[EventCountry "CAN"]

1. e4 e5 2. Nf3 Nc6 3. d4 d6 4. dxe5 dxe5 5. Qxd8+ Kxd8 6. Nc3 Bb4 7. Bd2 Nf6 8. O-O-O Ke8 9. Nd5 Bxd2+ 10. Rxd2 Nxd5 11. exd5 Nb4 12. a3 e4 13. Bb5+ c6 14. dxc6 Nxc6 15. Ne5 Ke7 16. Nxc6+ bxc6 17. Bxc6 Rb8 18. Bxe4 h6 19. Re1 Kf6 20. f4 Bf5 21. Bxf5 Kxf5 22. g3 Rhe8 23. Rxe8 Rxe8 24. c4 Ke6 25. Re2+ Kd7 26. Rxe8 Kxe8 27. b4 Kd7 28. Kc2 Kc6 29. Kd3 a6 30. Kd4 Kd6 31. a4 f6 32. b5 axb5 33. axb5 Kc7 34. c5 Kb7 35. Kd5 Kc7 36. c6 Kc8 37. b6 Kb8 38. Kd6 Kc8 39. c7 Kb7 40. Kd7 Kxb6 41. c8=Q Kb5 42. Qf8 Kc4 43. Qxg7 Kd4 44. Qe7 1-0

[Event "Scarborough CC Jack Frost U1700"]
[Site "Toronto CAN"]
[Date "2011.02.03"]
[Round "5"]
[White "Gandhi, Vishwa"]
[Black "Ming, Wenyang"]
[Result "0-1"]
[WhiteElo "1070"]
[BlackElo "1150"]
[PlyCount "64"]
[GameId "2160767909829607"]
[EventDate "2011.01.06"]
[EventType "swiss"]
[EventRounds "7"]
[EventCountry "CAN"]

1. d4 d5 2. e3 Nf6 3. b3 Bf5 4. Nf3 e6 5. a3 a6 6. Nc3 Nc6 7. Bd2 Be7 8. Be2 h6 9. g4 Bh7 10. h4 Nxg4 11. Rg1 h5 12. b4 Bxh4 13. Kf1 Bxf2 14. Rh1 Bxe3 15. Be1 Bxd4 16. b5 Ne3+ 17. Kf2 Nxd1+ 18. Kf1 Nxc3 19. bxc6 Nxe2 20. Rd1 bxc6 21. Kxe2 Bc5 22. Ne5 Bxc2 23. Rc1 Be4 24. Rf1 f6 25. Nxc6 Qd6 26. Na5 Qb6 27. Kd1 Bxa3 28. Ra1 Bb4 29. Bf2 Qb5 30. Re1 Bxe1 31. Bxe1 Qd3+ 32. Kc1 Qc2# 0-1

[Event "Scarborough CC Jack Frost U1700"]
[Site "Toronto CAN"]
[Date "2011.02.03"]
[Round "5"]
[White "Gillis, Doug"]
[Black "Liang, Phillip"]
[Result "1/2-1/2"]
[WhiteElo "1594"]
[BlackElo "1190"]
[PlyCount "48"]
[GameId "2160767909829608"]
[EventDate "2011.01.06"]
[EventType "swiss"]
[EventRounds "7"]
[EventCountry "CAN"]

1. d4 Nf6 2. Nc3 d5 3. Bg5 Bf5 4. Bxf6 exf6 5. e3 c6 6. Bd3 Bg6 7. h4 Nd7 8. Qf3 Qc7 9. O-O-O O-O-O 10. h5 Bxd3 11. Rxd3 Nb6 12. Qf5+ Kb8 13. Nf3 Be7 14. Rdd1 g6 15. hxg6 fxg6 16. Qe6 Rdf8 17. Qh3 Nc4 18. Nd2 Nd6 19. Nb3 Ne4 20. Nxe4 dxe4 21. Qe6 f5 22. Qc4 h6 23. Nc5 Bxc5 24. Qxc5 g5 1/2-1/2

[Event "Scarborough CC Jack Frost U1700"]
[Site "Toronto CAN"]
[Date "2011.02.03"]
[Round "5"]
[White "Graham, John"]
[Black "Smith, Maurice"]
[Result "1-0"]
[WhiteElo "1441"]
[BlackElo "1561"]
[PlyCount "106"]
[GameId "2160767909829609"]
[EventDate "2011.01.06"]
[EventType "swiss"]
[EventRounds "7"]
[EventCountry "CAN"]

1. e4 c5 2. c3 d6 3. d4 cxd4 4. cxd4 Nf6 5. Nc3 g6 6. h3 Bg7 7. Nf3 O-O 8. Be3 Nc6 9. a3 a6 10. Bd3 b5 11. O-O Bb7 12. b4 Rc8 13. Qb3 e6 14. Rfc1 Nd7 15. a4 bxa4 16. Rxa4 Nb6 17. Ra3 Ne7 18. Bxa6 Bxa6 19. Rxa6 Nc4 20. Ne2 Nxe3 21. Qxe3 d5 22. e5 Nf5 23. Rxc8 Qxc8 24. Qa3 Qc4 25. Kf1 Rb8 26. Ra4 Bf8 27. Nd2 Qb5 28. Ra5 Qxb4 29. Qc3 Qxc3 30. Nxc3 Nxd4 31. Ra2 Nc6 32. f4 Bb4 33. Ncb1 Bxd2 34. Nxd2 Nd4 35. Kf2 Kg7 36. g4 Rc8 37. Ra4 Nb5 38. Rb4 Nc3 39. Rd4 Rb8 40. h4 Rb2 41. Ke1 Rc2 42. Rd3 Rc1+ 43. Kf2 Rc2 44. Ke1 Na4 45. Rd4 Nb6 46. Kd1 Rc3 47. Ke2 Rg3 48. g5 Nd7 49. Kf2 Rc3 50. Ke2 Nc5 51. Kd1 Ne4 52. Nxe4 dxe4 53. Rxe4 Rh3 1-0

[Event "Scarborough CC Jack Frost U1700"]
[Site "Toronto CAN"]
[Date "2011.02.03"]
[Round "5"]
[White "Karpik, Steve"]
[Black "Vyravanathan, Sobiga"]
[Result "1/2-1/2"]
[WhiteElo "1595"]
[BlackElo "1254"]
[PlyCount "134"]
[GameId "2160767909829610"]
[EventDate "2011.01.06"]
[EventType "swiss"]
[EventRounds "7"]
[EventCountry "CAN"]

1. Nf3 d5 2. c4 dxc4 3. Qa4+ Nc6 4. Qxc4 Nf6 5. d3 e5 6. g3 Be6 7. Qb5 Rb8 8. Nxe5 Qd5 9. Qxd5 Bxd5 10. Nf3 Nd4 11. Kd2 Nxf3+ 12. exf3 Bxf3 13. Rg1 Bb4+ 14. Nc3 Ng4 15. Bg2 Nxh2 16. a3 Ba5 17. Re1+ Kd8 18. Rh1 Bxg2 19. Rxh2 Bf3 20. Ke3 Bc6 21. b4 Bb6+ 22. d4 Re8+ 23. Kd3 Bd7 24. Be3 Bf5+ 25. Kd2 a5 26. Nd5 axb4 27. Nxb6 cxb6 28. axb4 Kc7 29. Bf4+ Kc6 30. Bxb8 Rxb8 31. Kc3 Kb5 32. Rh5 g6 33. Rxh7 Rc8+ 34. Kd2 Rc2+ 35. Ke3 Kxb4 36. Rb1+ Ka5 37. Ra1+ Kb5 38. Rxf7 Rc3+ 39. Ke2 Rc2+ 40. Ke1 Kc6 41. Rf6+ Kc7 42. d5 Rc4 43. d6+ Kd7 44. Rf7+ Kxd6 45. Rxb7 Kc6 46. Rf7 Re4+ 47. Kf1 Rc4 48. Rf6+ Kc5 49. Re1 b5 50. Rf7 Kc6 51. Rf6+ Kc5 52. Re5+ Kb4 53. Rb6 Bd3+ 54. Kg2 Rd4 55. f3 Rc4 56. Rbxb5+ Kc3 57. Rec5 Kd4 58. Rxc4+ Kxc4 59. Re5 Kd4 60. Re7 Bb1 61. f4 Bf5 62. Kf3 Bb1 63. g4 Kd5 64. Re1 Bc2 65. Re5+ Kd6 66. Ke3 Kc6 67. g5 Kd6 1/2-1/2

[Event "Scarborough CC Jack Frost U1700"]
[Site "Toronto CAN"]
[Date "2011.02.03"]
[Round "5"]
[White "Kurkowski, Ken"]
[Black "Teram, Eli"]
[Result "1-0"]
[WhiteElo "1519"]
[BlackElo "1291"]
[PlyCount "55"]
[GameId "2160767909829612"]
[EventDate "2011.01.06"]
[EventType "swiss"]
[EventRounds "7"]
[EventCountry "CAN"]

1. d4 d5 2. Nf3 Nc6 3. e3 Bf5 4. Bd3 Qd7 5. Bxf5 Qxf5 6. Bd2 Nf6 7. Nc3 e5 8. dxe5 Nxe5 9. Nxe5 Qxe5 10. O-O Rd8 11. Qe2 c6 12. Rae1 h5 13. f4 Qf5 14. e4 Qg4 15. exd5+ Qxe2 16. Rxe2+ Be7 17. Rfe1 Rd7 18. d6 Rxd6 19. Rxe7+ Kd8 20. Bc1 Rd7 21. Rxd7+ Kxd7 22. b3 a6 23. Ba3 Ng8 24. Ne4 Kc7 25. Nd6 Nh6 26. Re7+ Kb6 27. Rxb7+ Ka5 28. Bb4# 1-0